La educación primaria : Retos, dilemas y propuestas /

En la primaria se «cuecen» los éxitos y los fracasos que más tarde se evidenciarán en las etapas posteriores, y por este motivo es tan importante el trabajo que se debe realizar. Favorecer la autonomía educativa, potenciar el proyecto de escuela, crear las condiciones para facilitar la innovación ed...

Full description

Bibliographic Details
Main Author: Arànega, Susanna
Other Authors: Domènech, Joan
Format: Libro
Language:Spanish
Published: Barcelona GRAî 2001
Series:Diseño y desarrollo curricular 160
Subjects:
Online Access:

MARC

LEADER 00000cam a2200000 a 4500
001 015680
003 UAHC_CL
005 20170803121301.0
008 060816b2001 sp 000 spa
020 |a 8478272550 
040 |a UAHC_CL  |c UAHC_CL  |d UAHC_CL 
100 1 |a Arànega, Susanna 
245 1 3 |a La educación primaria :  |b Retos, dilemas y propuestas /  |c Susanna Arànega, Joan Domènech. 
260 |a Barcelona  |c 2001  |b GRAî 
300 |a 197 p. 
490 0 |a Diseño y desarrollo curricular  |v 160 
520 |a En la primaria se «cuecen» los éxitos y los fracasos que más tarde se evidenciarán en las etapas posteriores, y por este motivo es tan importante el trabajo que se debe realizar. Favorecer la autonomía educativa, potenciar el proyecto de escuela, crear las condiciones para facilitar la innovación educativa, seleccionar y decidir cuáles son los aspectos clave del aprendizaje, estimular el papel de los padres y de las madres en la escuela, etc. son algunos de los temas que se tratan. 
650 4 |a EDUCACION BASICA 
653 |a PEDAGOGIA EN EDUCACION PARVULARIA 
700 1 |a Domènech, Joan 
900 |a 372.01 ARA 
942 |c BK 
952 |0 0  |1 0  |4 0  |6 372_010000000000000_ARA  |7 0  |8 General  |9 31239  |a BC  |b BC  |c General  |d 2017-08-03  |o 372.01 ARA  |p 1355284  |r 2026-01-13 00:00:00  |t 1  |w 2017-08-03  |y BK 
999 |c 15680  |d 15680